| 000 | 00875nam a2200265 a 4500 | ||
|---|---|---|---|
| 999 |
_c12663 _d12663 |
||
| 001 | 12663 | ||
| 003 | BD-JhCC | ||
| 005 | 20221102103117.0 | ||
| 008 | 220917s20092020bg |||| ||a| 000 0 b d | ||
| 020 | _a9847012000557 | ||
| 035 | _a(BD-JhCC)12663 | ||
| 040 |
_aBD-JhCC _dBD-JhCC |
||
| 041 | _aben | ||
| 082 |
_a923 _bCHO 2020 |
||
| 100 | _aচৌধুরী, ফকরুল | ||
| 245 |
_aশিল্পী জয়নুল আবেদিন / _cফকরুল চৌধুরী |
||
| 260 |
_aঢাকা : _bকথাপ্রকাশ; _c২০২০. |
||
| 300 |
_a৬৪ পৃ. : _c২১ সেমি.. |
||
| 490 | _aজীবনী গ্রন্থমালা | ||
| 504 | _aগ্রন্থপঞ্জি অর্ন্তভূক্ত। | ||
| 600 | _aAbedin, Shilpi Zaiul | ||
| 651 | _aBiography. | ||
| 942 |
_2ddc _cBK |
||